000 00564nam a2200205Ia 4500
005 20250317125704.0
008 008 250317s9999 xx 000 0 eng d
020 _a0-03-380882-3
037 _aTextbook
040 _aFMSL
_beng
_cFMSL
041 _aeng
_2eng
084 _aX:513 N0
_qFMSL
100 _aSchlemmer R M
_9744587
245 0 _aHandbook of Advertising art production
250 _a4th
260 _aNew
_bNew, jersy Prentice-Hall
_c1990
300 _a320p
942 _cTB
_hX:513 N0
999 _c1260527
_d1260527